Music Quiz

Random Music or Rap Quiz

Members of N.W.A. Quiz Stats

 Plays Quiz Updated Nov 21, 2016

Score 0/6 Timer 02:00
4 Plays Today
Member % Correct
Ice Cube
97%
Dr. Dre
95.3%
Eazy-E
92.7%
MC Ren (starting in 1988)
67.6%
DJ Yella
61%
Arabian Prince (until 1988)
28.3%

You're not logged in!

Compare scores with friends on all Sporcle quizzes.
OR
Log In

Sporcle TV

Today on Sporcle TV


Watch our educational content, quiz creation guides, and fun videos on Sporcle TV.

Show Comments

Extras

Top Quizzes Today


Score Distribution

Your Account Isn't Verified!

In order to create a playlist on Sporcle, you need to verify the email address you used during registration. Go to your Sporcle Settings to finish the process.

Report this User

Report this user for behavior that violates our Community Guidelines.

Details: